Tarrasa : periódico bisemanal periódico bisemanal
Descripción Física:
1 vol. ; periodicitat: 2 cops per setmana ; 25 cm
Idioma:
Español
MARC
| LEADER | 00000nas a2200000 a 4500 | ||
|---|---|---|---|
| 001 | 28290 | ||
| 003 | AGDB | ||
| 005 | 20260324180143.0 | ||
| 008 | 160829s9999 xx 000 0 cat d | ||
| 040 | |a agdb |b cat | ||
| 041 | |a spa | ||
| 245 | |a Tarrasa : |b periódico bisemanal | ||
| 260 | |a Terrassa : |a [s.n.] : |b Imprenta y Litografía de José Ventayol Vilá ; |c [1916- 1919] | ||
| 300 | |a 1 vol. ; |b periodicitat: 2 cops per setmana ; |c 25 cm | ||
| 310 | |a Bisetmanal | ||
| 362 | |a Año 1, no. 1 (abr. 1916)-año 1, no. 50 (jun. 1919) | ||
| 505 | |a El núm. 1 inclou un article signat per Ricardo Caro referent a Puig i Cadafalch: |t Mi protesta / |r Ricardo Caro | ||
| 556 | |a Prové de 2888, exp. 13 | ||
| 588 | |a Descripció basada en: Any 1, núm. 31 (15 jul. 1916). | ||
| 651 | 0 | |a Terrassa (Catalunya) |v Revistes |9 55532 | |
| 655 | 0 | |9 55823 |a Revistes | |
| 856 | 4 | 0 | |u https://trencadis.diba.cat/Trencadis/search?eid=b11605704 |y Accés lliure (Trencadís) |
| 866 | |a Any 1, 1916 (31) | ||
| 901 | |a Arxiu | ||
| 942 | |n 1 |2 udc |c REV | ||
| 952 | |0 0 |1 0 |4 0 |6 REV2332 |7 1 |9 54232 |a Arxiu |b Arxiu |d 2023-10-16 |h Núm. 31 (15 juliol 1916) |o Rev-2332 |p 28290 |r 2016-12-01 00:00:00 |w 2016-12-01 |y ARXIU | ||
| 999 | |c 58101 |d 58101 | ||